Foundation of colonies of Atta Mexicana (F. Smith) (Hymenoptera: Formicidae) in the laboratory (Registro nro. 13908)
[ vista simple ]
| 000 -CABECERA | |
|---|---|
| Campo de control | 004320000a22001330004500 |
| 090 ## - CLASIFICACIÓN LOCAL | |
| Colección | AR |
| Consecutivo | 04807 |
| 041 0# - IDIOMA | |
| Código de idioma para texto/pista de sonido o título separado | |
| 100 1# - ASIENTO PRINCIPAL--NOMBRE PERSONAL | |
| Nombre personal | Mintzer , Alex |
| 245 10 - MENCION DE TITULO | |
| Título | Foundation of colonies of Atta Mexicana (F. Smith) (Hymenoptera: Formicidae) in the laboratory |
| 700 1# - ASIENTO SECUNDARIO - NOMBRE PERSONAL | |
| Nombre personal | Quiroz Robledo, Luis N. |
| 700 1# - ASIENTO SECUNDARIO - NOMBRE PERSONAL | |
| Nombre personal | Deloya, Cuauhtémoc |
| 773 1# - Item fuente: | |
| Título | Folia entomologica mexicana |
| Descripción física | 82 |
| Paginas del Articulo | 133-138 |
| Lugar, editorial y fecha de publicación | 1991 |
| 942 ## - ELEMENTOS ADICIONALES (KOHA) | |
| Tipo de ítem | Artículo |
| Withdrawn status | Lost status | Damaged status | No para préstamo | Colección | Ubicación Permanente | Ubicación actual | Fecha de adquisición | Fuente de Valor | Datos de publicación Seriada | Total Checkouts | Número topográfico | Inventario / Código de Barras | Date last seen | Ejemplar | Price effective from | Forma de adquisición | Tipo de material |
|---|---|---|---|---|---|---|---|---|---|---|---|---|---|---|---|---|---|
| No para Préstamo | Hemeroteca | Bogotá | Bogotá | 23/06/2010 | Escobar Sarria, Federico | Fuera de circulación | AR 04807 | 028177 | 25/03/2015 | 1 | 25/03/2015 | Artículo |